000 00682nam a2200181Ia 4500
008 151202s9999||||xx |||||||||||||| ||und||
082 _bPNVM-45537
100 _aपळशीकर सुहास.
245 _aमहाराष्ट्राचे राजकारण.
260 _b"प्रतिमा प्रकाशन,औरंगाबाद."
260 _c2004
300 _a258
600 _aपळशीकर सुहास.
630 _aमहाराष्ट्राचे राजकारण.
700 _aपळशीकर सुहास.
730 _aमहाराष्ट्राचे राजकारण.
942 _cBOOK
999 _c1311488
_d1311485